000 00277nam a2200097Ia 4500
008 241105s9999 xx 000 0 und d
041 _aeng
100 _aShedge Shraddha
_9182643
245 _aDilasa : Old Age Homes At Ptahardi Nashik
260 _bFinal Year B.Arch ID, Pune
_c2014
999 _c360934
_d360934